000 00337nam a2200121Ia 4500
008 220216s9999 xx 000 0 und d
100 _aMarattukalam J.G.
245 0 _aReduce the immaturity period of rubber tree, Hevea brasiliensis
260 _bRubber Reporter
_c1981
300 _a113-114
650 _aImmaturity period
942 _cBS
999 _c49196
_d49196